Consumer Protection (Record no. 1460)
[ view plain ]
| 000 -LEADER | |
|---|---|
| fixed length control field | 00910nam a2200169 4500 |
| 020 ## - INTERNATIONAL STANDARD BOOK NUMBER | |
| ISBN | 9788190804059 |
| 022 ## - INTERNATIONAL STANDARD SERIAL NUMBER | |
| ISSN | 9788190804059 |
| 050 ## - CALL NUMBER | |
| Classification number | KF1609 |
| Item number | .M38 |
| 100 ## - AUTHOR | |
| Personal name | Roopa OM Mathur |
| 245 ## - TITLE | |
| Title | Consumer Protection |
| Statement of responsibility, etc | Roopa OM Mathur |
| 250 ## - EDITION | |
| Edition statement | 2nd ed |
| 260 ## - PUBLICATION INFORMATION | |
| Place of publication | New Delhi |
| Name of publisher | Vayu Education of India |
| Year of publication | 2009 |
| 300 ## - DESCRIPTION | |
| Number of Pages | 198p |
| Dimensions | 28cm |
| 500 ## - NOTES | |
| General note | Includes index |
| 505 ## - FORMATTED CONTENTS NOTE | |
| Table of Content | Consumerism in India 1<br/>Methods of consumer Protection- Legal and voluntary 11<br/>Consumer Buying Motives 22<br/>Doctrines of Caveat Emptor and caveat venditor 31<br/>The consumer protection Act, 1986 40<br/>Complaints 59<br/>Monopolies and restrictive trade practices 75<br/>Bereau of Indian standards Act, 1986 89<br/>The Drugs and cosmetics Act, 1940 103<br/>Voluntary consumer organization 127<br/>Role of Government and media 137<br/>Advertising standards council of India 153<br/>Important Cases 164<br/>Index 178<br/><br/> |
| 942 ## - ADDED ENTRY ELEMENTS (KOHA) | |
| Koha item type | Books |
| Withdrawn status | Lost status | Collection code | Home library | Current library | Shelving location | Date acquired | Full call number | Accession Number | Koha item type |
|---|---|---|---|---|---|---|---|---|---|
| Reference | Methodist University Law Library | Methodist University Law Library | General Stacks | KF1609 .M38 | 33842 | Books | |||
| Reference | Methodist University Library Main | Methodist University Library Main | General Stacks | 13/09/2011 | KF1609 .M38 | 33845 | Books |